00818nam a2200265 a 4500003000700000005001700007008004100024020001800065040002500083041000800108050001500116100001500131245010900146260005100255300002000306336002800326337003000354338002700384490005900411650001700470650001800487650001500505650001100520650002100531CBULib20240409083324.0200818s2019 ||||||||||||||||| || u a9781108473378 bEnglishcCBULiberda aeng aK 3260 Saa aSaab, Anne10aNarratives of hunger in international law : feeding the world in times of climate changec/ by Anne Saab aCambridge :bCambridge University Press,c2019 axiv, 202 pages  2rdacontentaText |btxt 2rdamediaaUnmediated |bn 2rdacarrieraVolumebnc aCambridge studies in international and comparative law 0aHUMAN RIGHTS 0aLAW--LANGUAGE 0aRIGHT FOOD 0aHUNGER 0aCLIMATIC CHANGES